Pays de la coupe du monde 2026 - Statistiques

Statistiques générales
  • Ce quiz a été pris 147 fois
  • Le résultat moyen est 39 sur 48
Statistiques - réponses
Groupe Nation % Correct
I France
98%
D États-Unis
96%
C Maroc
95%
A Mexique
95%
I Sénégal
95%
B Canada
94%
H Espagne
94%
I Norvège
94%
J Argentine
93%
F Japon
93%
F Suède
93%
E Allemagne
92%
C Brésil
92%
K Portugal
92%
L Angleterre
91%
D Australie
89%
G Belgique
88%
I Irak
87%
K Colombie
86%
J Algérie
85%
F Pays-Bas
85%
B Suisse
83%
F Tunisie
83%
D Turquie
83%
H Uruguay
83%
B Bosnie-Herzégovine
82%
K RD Congo
82%
A Corée du Sud
81%
G Iran
81%
G Égypte
80%
A Afrique du Sud
79%
E Équateur
77%
D Paraguay
77%
A Tchéquie
77%
L Croatie
76%
J Autriche
75%
E Côte d'Ivoire
72%
G Nouvelle-Zélande
72%
H Arabie Saoudite
69%
C Écosse
69%
E Curaçao
67%
B Qatar
66%
C Haïti
64%
L Ghana
60%
L Panama
57%
K Ouzbékistan
56%
H Cap-Vert
50%
J Jordanie
48%
Aucun quiz correspondant
Distribution des résultats
% des personnes avec chaque résultat
Percentile par nombre de réponses
Votre historique - résultats
Vous n’avez pas pris ce quiz